Souvenirs de Mme Louise-Elisabeth Vigée-Le Brun (Record no. 167499)

MARC details
000 -LEADER
campo de control de longitud fija 00818nam a2200205 i 4500
001 - NÚMERO DE CONTROL
campo de control 167499
003 - IDENTIFICADOR DE NÚMERO DE CONTROL
campo de control ES-MaACL
005 - FECHA Y HORA DE LA ÚLTIMA TRANSACCIÓN
campo de control 20250817034232.0
008 - DATOS DE LONGITUD FIJA--INFORMACIÓN GENERAL
campo de control de longitud fija 050923q19001910fr af | |||||||| ||spa d
040 ## - FUENTE DE CATALOGACIÓN
Centro catalogador/agencia de origen CAM
Lengua de catalogación spa
Centro/agencia transcriptor CAM
100 1# - ENTRADA PRINCIPAL--NOMBRE DE PERSONA
Nombre de persona Vigée Le Brun, Louise-Élisabeth.
9 (RLIN) 133715
245 10 - MENCIÓN DEL TÍTULO
Título Souvenirs de Mme Louise-Elisabeth Vigée-Le Brun
Resto del título : notes et portraits, 1755-1789 /
Mención de responsabilidad, etc. publiés avec une introduction de Pierre de Nolhac.
260 ## - PUBLICACIÓN, DISTRIBUCIÓN, ETC.
Lugar de publicación, distribución, etc. Paris :
Nombre del editor, distribuidor, etc. Arthème Fayard, éditeur,
Fecha de publicación, distribución, etc. [s.a.]
300 ## - DESCRIPCIÓN FÍSICA
Extensión 139 p., [4] h. de lám. :
Otras características físicas il. ;
Dimensiones 24 cm.
490 1# - MENCIÓN DE SERIE
Mención de serie Mémoires et souvenirs / publiés sous la direction de F. Funck-Brentano
596 ## - NOTA AL PIE DE IMPRENTA
NOTA AL PIE DE IMPRENTA Probablemente imp. ca. 1900-1910.
830 00 - PUNTO DE ACCESO ADICIONAL DE SERIE-TÍTULO UNIFORME
Título uniforme Mémoires et souvenirs
9 (RLIN) 183261
852 ## - LOCALIZACIÓN
Ubicación ES-MaACL
Número de control de estantería C-1102
Nota libre -- Enc. ed. en tela
Holdings
Estatus retirado Estado de pérdida Estado de daño No para préstamo Biblioteca de origen Biblioteca actual Ubicación en estantería Fecha de adquisición Fuente de adquisición Total de préstamos Signatura topográfica completa Código de barras Visto por última vez Precio de reemplazo Tipo de ítem Koha
        Biblioteca del Ateneo de Madrid Biblioteca del Ateneo de Madrid Sala Palomar 17/01/2008     C-1102 1175717 23/02/2023 23/02/2023 Libro impreso